Những năm tháng hào hùng phần 1 : Sư đoàn 9 anh hùng

שמור ב:
מידע ביבליוגרפי
פורמט: ספר
שפה:Undetermined
יצא לאור: Thành phố Hồ Chí Minh Thành phố Hồ Chí Minh 2001
נושאים:
תגים: הוספת תג
אין תגיות, היה/י הראשונ/ה לתייג את הרשומה!
Thư viện lưu trữ: Trung tâm Học liệu Trường Đại học Cần Thơ
LEADER 00698nam a2200205Ia 4500
001 CTU_137521
008 210402s9999 xx 000 0 und d
020 |c 34000 
082 |a 959.7 
082 |b Nh556/CD.1 
245 0 |a Những năm tháng hào hùng phần 1 : 
245 0 |b Sư đoàn 9 anh hùng 
245 0 |c Hãng phim truyền hình thành phố Hồ Chí Minh ; Bùi Cát Vũ kịch bản 
260 |a Thành phố Hồ Chí Minh 
260 |b Thành phố Hồ Chí Minh 
260 |c 2001 
650 |a Vietnam,Việt Nam 
650 |x History,Lịch sử 
904 |i Tuyến 
980 |a Trung tâm Học liệu Trường Đại học Cần Thơ